Twenty years of soil conservation in eastern Africa / (Record no. 14639)
[ view plain ]
| 000 -LEADER | |
|---|---|
| fixed length control field | 01062nam a2200301 4500 |
| 001 - CONTROL NUMBER | |
| control field | 000 |
| 005 - DATE AND TIME OF LATEST TRANSACTION | |
| control field | 20170726161824.0 |
| 006 - FIXED-LENGTH DATA ELEMENTS--ADDITIONAL MATERIAL CHARACTERISTICS--GENERAL INFORMATION | |
| fixed length control field | 000 |
| 007 - PHYSICAL DESCRIPTION FIXED FIELD--GENERAL INFORMATION | |
| fixed length control field | 000 |
| 008 - FIXED-LENGTH DATA ELEMENTS--GENERAL INFORMATION | |
| fixed length control field | 000 |
| 010 ## - LIBRARY OF CONGRESS CONTROL NUMBER | |
| LC control number | 93980331 |
| 020 ## - INTERNATIONAL STANDARD BOOK NUMBER | |
| International Standard Book Number | 9966896120 |
| 040 ## - CATALOGING SOURCE | |
| Original cataloging agency | UOEL |
| Transcribing agency | DLC |
| 042 ## - AUTHENTICATION CODE | |
| Authentication code | lcode |
| 043 ## - GEOGRAPHIC AREA CODE | |
| Geographic area code | fe----- |
| 050 00 - LIBRARY OF CONGRESS CALL NUMBER | |
| Classification number | S625 |
| Item number | .L8 1993 |
| 100 1# - MAIN ENTRY--PERSONAL NAME | |
| Personal name | Lundgren, Lill. |
| 245 10 - TITLE STATEMENT | |
| Title | Twenty years of soil conservation in eastern Africa / |
| Statement of responsibility, etc | Lill Lundgren. |
| 260 ## - PUBLICATION, DISTRIBUTION, ETC. (IMPRINT) | |
| Place of publication, distribution, etc | Nairobi : |
| Name of publisher, distributor, etc | Regional Soil Conservation Unit, Swedish International Development Authority, |
| Date of publication, distribution, etc | 1993. |
| 300 ## - PHYSICAL DESCRIPTION | |
| Extent | viii, 50 p. : |
| Other physical details | ill. (some col.), map ; |
| Dimensions | 30 cm. |
| 490 1# - SERIES STATEMENT | |
| Series statement | Report / Regional Soil Conservation Unit ; |
| Volume number/sequential designation | no. 9 |
| 504 ## - BIBLIOGRAPHY, ETC. NOTE | |
| Bibliography, etc | Includes bibliographical references (p. 47-50). |
| 650 #0 - SUBJECT ADDED ENTRY--TOPICAL TERM | |
| Topical term or geographic name as entry element | Soil conservation |
| Geographic subdivision | Africa, Eastern |
| General subdivision | History. |
| 830 #0 - SERIES ADDED ENTRY--UNIFORM TITLE | |
| Uniform title | Report (Sweden. Regionala markvårdsenheten) ; |
| Volume number/sequential designation | no. 9. |
| 906 ## - LOCAL DATA ELEMENT F, LDF (RLIN) | |
| a | 7 |
| b | cbc |
| c | origode |
| d | 3 |
| e | ncip |
| f | 19 |
| g | y-gencatlg |
| 942 ## - ADDED ENTRY ELEMENTS (KOHA) | |
| Source of classification or shelving scheme | Library of Congress Classification |
| Item type | SES Book |
| Withdrawn status | Lost status | Source of classification or shelving scheme | Damaged status | Not for loan | Home library | Current library | Shelving location | Date acquired | Total Checkouts | Full call number | Barcode | Date last seen | Copy number | Price effective from | Koha item type |
|---|---|---|---|---|---|---|---|---|---|---|---|---|---|---|---|
| Library of Congress Classification | UOE Main Library | UOE Main Library | Open shelf | 26/07/2017 | S625 .L8 1993 | 10035838 | 27/04/2026 | 10035838 | 26/07/2017 | SES Book | |||||
| Library of Congress Classification | UOE Main Library | UOE Main Library | Open shelf | 27/07/2017 | S625 .A42 .L86 1993 | 10046296 | 27/04/2026 | 10046296 | 27/07/2017 | SES Book |
